Eliminating Human Poverty (Record no. 14059)

MARC details
000 -LEADER
fixed length control field 00626nam a2200229 a 4500
020 ## - INTERNATIONAL STANDARD BOOK NUMBER
ISBN 8125033866
082 00 - DEWEY DECIMAL CLASSIFICATION NUMBER
Classification number 330
Author Cutter MEH
100 ## - MAIN ENTRY--AUTHOR NAME
Author name Mehrotra, Santosh
245 ## - TITLE STATEMENT
Title Eliminating Human Poverty
Sub title Macroeconomic and Social Policies for Equitable Growth
260 ## - PUBLICATION, DISTRIBUTION, ETC. (IMPRINT)
Place of publication New Delhi
Name of publisher Orient Blackswan
Year of publication 2007
300 ## - PHYSICAL DESCRIPTION
Number of Pages 432p
500 ## - GENERAL NOTE
General note includes index and biblioraphy
505 2# - FORMATTED CONTENTS NOTE
Formatted contents note notes, references,index
650 ## - SUBJECT ADDED ENTRY--TOPICAL TERM
Topical Term Economics
942 ## - ADDED ENTRY ELEMENTS (KOHA)
Koha item type Books
Holdings
Collection code Home library Current library Date acquired Cost, normal purchase price Full call number Accession Number Koha item type
  Henry Martyn Institute Library Henry Martyn Institute Library 01/06/2009 575.00 330 MEH 022557 Books
                   Copyright © 2026 | Henry Martyn Institute | Hyderabad | TS-500052 | INDIA | Implemented by hmi.edu.in
Hit-Count:

Powered by Koha